[Event "Polgar Challenge 2021"]
[Site "Online"]
[Date "2021.04.04"]
[Round "13.1"]
[White "Liang, Awonder"]
[Black "Zhu, Jiner"]
[Result "1-0"]
[WhiteElo "2592"]
[BlackElo "2459"]
[Annotator "ChessBase"]
[PlyCount "93"]
[EventDate "2021.04.08"]
[EventType "tourn"]
[EventCountry "NET"]
[SourceTitle "playchess.com"]
[Source "ChessBase"]
[SourceQuality "1"]
[TimeControl "600+5"]

1. c4 {[%emt 0:00:00]} Nf6 {[%emt 0:00:00]} 2. Nc3 {[%emt 0:00:00]} e6 {[%emt 0:00:04]} 3. Nf3 {[%emt 0:00:02]} d5 {[%emt 0:00:12]} 4. e3 {[%emt 0:00:02]} c5 {[%emt 0:00:18]} 5. d4 {[%emt 0:00:04]} Nc6 {[%emt 0:00:08]} 6. a3 {[%emt 0:00:01]} a6 {[%emt 0:00:30]} 7. dxc5 {[%emt 0:00:08]} Bxc5 {[%emt 0:00:02]} 8. b4 {[%emt 0:00:04]} Ba7 {[%emt 0:00:10]} 9. Bb2 {[%emt 0:00:03]} O-O {[%emt 0:00:05]} 10. Qc2 {[%emt 0:00:03]} Qe7 {[%emt 0:00:30]} 11. Be2 {[%emt 0:01:03]} h6 {[%emt 0:00:23]} 12. O-O {[%emt 0:00:08]} dxc4 {[%emt 0:00:25]} 13. Bxc4 {[%emt 0:00:02]} b5 {[%emt 0:01:02]} 14. Ba2 {[%emt 0:00:15]} Bb7 {[%emt 0:00:07]} 15. Rac1 {[%emt 0:00:08]} Rac8 {[%emt 0:00:24]} 16. Bb1 {[%emt 0:00:32]} Rfd8 {[%emt 0:01:47]} 17. Rfd1 {[%emt 0:00:30]} Rxd1+ {[%emt 0:00:11]} 18. Rxd1 {[%emt 0:00:02]} Bb8 {[%emt 0:00:27]} 19. Ne4 {[%emt 0:01:00]} Nxe4 {[%emt 0:00:03]} 20. Qxe4 {[%emt 0:00:01]} f5 {[%emt 0:00:01]} 21. Qd3 {[%emt 0:00:04]} Rd8 {[%emt 0:00:06]} 22. Qe2 {[%emt 0:00:02]} Rxd1+ {[%emt 0:00:03]} 23. Qxd1 {[%emt 0:00:00]} Qd6 {[%emt 0:00:14]} 24. Qc2 {[%emt 0:00:23]} Qd5 {[%emt 0:00:59]} 25. e4 {[%emt 0:01:24]} fxe4 {[%emt 0:00:07]} 26. Qxe4 {[%emt 0:00:00]} Qd1+ {[%emt 0:00:36]} 27. Qe1 {[%emt 0:00:27]} Qxe1+ {[%emt 0:00:06]} 28. Nxe1 {[%emt 0:00:00]} Ne5 {[%emt 0:00:21]} 29. f3 {[%emt 0:01:03]} Ba7+ {[%emt 0:00:16]} 30. Kf1 {[%emt 0:00:09]} Nc4 {[%emt 0:00:01]} 31. Bc1 {[%emt 0:00:04]} Be3 {[%emt 0:00:33]} 32. Bxe3 {[%emt 0:00:08]} Nxe3+ {[%emt 0:00:00]} 33. Ke2 {[%emt 0:00:01]} Nc4 {[%emt 0:00:01]} 34. Nc2 {[%emt 0:00:02]} Bd5 {[%emt 0:00:41]} 35. Kd3 {[%emt 0:00:48]} Kf7 {[%emt 0:00:05]} 36. Ne3 {[%emt 0:02:00]} Nxa3 {[%emt 0:00:16]} 37. Nxd5 {[%emt 0:00:01]} exd5 {[%emt 0:00:03]} 38. Ba2 {[%emt 0:00:02]} Ke6 {[%emt 0:00:07]} 39. f4 {[%emt 0:00:22]} Kd6 {[%emt 0:00:19]} 40. h4 {[%emt 0:00:29]} Nc4 {[%emt 0:00:16]} 41. Kd4 {[%emt 0:00:09]} Na3 {[%emt 0:00:04]} 42. Bb3 {[%emt 0:00:16]} Nc4 {[%emt 0:00:03]} 43. g4 {[%emt 0:00:03]} Nb6 {[%emt 0:00:14]} 44. f5 {[%emt 0:00:21]} Nc4 {[%emt 0:00:15]} 45. g5 {[%emt 0:00:06]} Nb6 {[%emt 0:00:34]} 46. f6 {[%emt 0:00:04]} gxf6 {[%emt 0:00:28]} 47. gxh6 {[%emt 0:00:02]} 1-0

[Event "Polgar Challenge 2021"]
[Site "Online"]
[Date "2021.04.04"]
[Round "13.3"]
[White "Shuvalova, Polina"]
[Black "Salimova, Nurgyul"]
[Result "0-1"]
[WhiteElo "2476"]
[BlackElo "2397"]
[Annotator "ChessBase"]
[PlyCount "98"]
[EventDate "2021.04.08"]
[EventType "tourn"]
[EventCountry "NET"]
[SourceTitle "playchess.com"]
[Source "ChessBase"]
[SourceQuality "1"]
[TimeControl "600+5"]

1. d4 {[%emt 0:00:00]} Nf6 {[%emt 0:00:00]} 2. c4 {[%emt 0:00:00]} e6 {[%emt 0:00:00]} 3. Nf3 {[%emt 0:00:02]} d5 {[%emt 0:00:04]} 4. g3 {[%emt 0:00:03]} Be7 {[%emt 0:00:03]} 5. Bg2 {[%emt 0:00:02]} O-O {[%emt 0:00:02]} 6. O-O {[%emt 0:00:00]} dxc4 {[%emt 0:00:01]} 7. Ne5 {[%emt 0:00:04]} Nc6 {[%emt 0:00:22]} 8. Bxc6 {[%emt 0:00:03]} bxc6 {[%emt 0:00:02]} 9. Nxc6 {[%emt 0:00:00]} Qe8 {[%emt 0:00:03]} 10. Nxe7+ {[%emt 0:00:02]} Qxe7 {[%emt 0:00:01]} 11. Nc3 {[%emt 0:00:05]} c5 {[%emt 0:01:38]} 12. dxc5 {[%emt 0:00:04]} Qxc5 {[%emt 0:00:08]} 13. Be3 {[%emt 0:00:02]} Qh5 {[%emt 0:00:36]} 14. f3 {[%emt 0:00:31]} e5 {[%emt 0:00:45]} 15. Qa4 {[%emt 0:04:16]} Bh3 {[%emt 0:01:29]} 16. Rf2 {[%emt 0:00:37]} Be6 {[%emt 0:00:18]} 17. Qa5 {[%emt 0:00:58]} Rab8 {[%emt 0:00:45]} 18. Rd1 {[%emt 0:00:23]} Rxb2 {[%emt 0:01:25]} 19. Rd8 {[%emt 0:00:50]} Rb8 {[%emt 0:00:19]} 20. Rxb8 {[%emt 0:00:05]} Rxb8 {[%emt 0:00:02]} 21. Qxa7 {[%emt 0:00:29]} Rc8 {[%emt 0:00:16]} 22. Qa5 {[%emt 0:00:13]} Nd7 {[%emt 0:01:23]} 23. Rf1 {[%emt 0:00:11]} Qg6 {[%emt 0:00:07]} 24. Rc1 {[%emt 0:01:00]} h5 {[%emt 0:00:17]} 25. Nd5 {[%emt 0:00:19]} Bxd5 {[%emt 0:00:26]} 26. Qxd5 {[%emt 0:00:00]} Qc6 {[%emt 0:00:15]} 27. Qxc6 {[%emt 0:00:22]} Rxc6 {[%emt 0:00:00]} 28. a4 {[%emt 0:00:13]} f6 {[%emt 0:00:08]} 29. a5 {[%emt 0:00:27]} Kf7 {[%emt 0:00:04]} 30. Ra1 {[%emt 0:00:12]} Nb8 {[%emt 0:00:01]} 31. Kf2 {[%emt 0:00:24]} Ke6 {[%emt 0:00:04]} 32. Ke1 {[%emt 0:00:07]} Na6 {[%emt 0:00:16]} 33. Kd2 {[%emt 0:00:01]} Nb4 {[%emt 0:00:13]} 34. Ra3 {[%emt 0:00:17]} Nd5 {[%emt 0:00:14]} 35. Bf2 {[%emt 0:00:06]} Nc7 {[%emt 0:00:41]} 36. Ra4 {[%emt 0:00:09]} f5 {[%emt 0:00:08]} 37. e4 {[%emt 0:00:05]} fxe4 {[%emt 0:00:01]} 38. fxe4 {[%emt 0:00:00]} Kd7 {[%emt 0:00:14]} 39. Be3 {[%emt 0:00:04]} Kc8 {[%emt 0:00:06]} 40. Kc3 {[%emt 0:00:06]} Nb5+ {[%emt 0:00:02]} 41. Kb4 {[%emt 0:00:10]} Nd6 {[%emt 0:00:17]} 42. a6 {[%emt 0:00:02]} Kb8 {[%emt 0:00:03]} 43. a7+ {[%emt 0:00:05]} Ka8 {[%emt 0:00:01]} 44. Ra1 {[%emt 0:00:21]} c3 {[%emt 0:00:07]} 45. Rc1 {[%emt 0:00:07]} Nxe4 {[%emt 0:00:05]} 46. Kb5 {[%emt 0:00:03]} Rc8 {[%emt 0:00:05]} 47. Rc2 {[%emt 0:00:06]} Nd6+ {[%emt 0:00:04]} 48. Kb4 {[%emt 0:00:02]} Nf5 {[%emt 0:00:05]} 49. Bf2 {[%emt 0:00:17]} Ne7 {[%emt 0:00:08]} 0-1

[Event "Polgar Challenge 2021"]
[Site "Online"]
[Date "2021.04.04"]
[Round "13.4"]
[White "Bjerre, Jonas Buhl"]
[Black "Praggnanandhaa R"]
[Result "0-1"]
[WhiteElo "2550"]
[BlackElo "2608"]
[Annotator "TA"]
[PlyCount "64"]
[EventDate "2021.04.08"]
[EventType "tourn"]
[EventCountry "NET"]
[SourceTitle "playchess.com"]
[Source "ChessBase"]
[SourceQuality "1"]

{[%evp 18,64,96,62,100,50,48,26,47,18,14,14,10,0,0,-41,-12,-36,-32,0,-41,-71,-68,-60,-63,-55,0,-161,-134,-257,-232,-285,-301,-307,-268,-267,-270,-258,-254,-898,-885,-2199,-2086,-29985,-29986,-29986,-29987,-29986,-29987]} 1. d4 Nf6 2. c4 g6 3. Nc3 Bg7 4. e4 d6 5. Nf3 O-O 6. Be2 Nbd7 7. O-O e5 8. Be3 c6 9. d5 c5 10. Ne1 Kh8 {E94: King's Indian: Classical: 6 Be2 e5 7 0-0: Various Black 7th moves.} 11. g4 Ng8 12. Qd2 f5 {aiming for ...f4.White has an edge.} 13. gxf5 gxf5 14. exf5 Ne7 15. Kh1 {[#]} Nf6 $146 ({Predecessor:} 15... Nxf5 16. Bg5 Bf6 17. Ne4 Bxg5 18. Nxg5 Nf6 19. Bd3 Qe7 20. f3 Nh5 21. Ng2 Nf4 22. Nxf4 Qxg5 {0-1 (22) Jaeger,F (2020)-Ostenstad,B (2465) Harstad 1997}) 16. Bd3 Bxf5 17. Rg1 e4 18. Be2 Ng6 19. Rg5 {[#]} Qd7 20. Nc2 Rf7 21. Rag1 Raf8 (21... Ne5 $1 $15) 22. Qe1 $2 {[#]} (22. Ne1 $1 $11 {and White is okay.}) 22... Ne5 $1 $19 23. Qf1 (23. Nb5 $17 {was called for.} Ne8 24. Qd2) 23... Nf3 24. Bxf3 exf3 25. Ne1 Ng4 26. Bf4 ({Avoid the trap} 26. Nxf3 $2 Bxc3 27. Qc1 Bf6 $19) 26... Bd4 27. Bg3 {intending Nb5.} Rf6 28. Nxf3 $2 (28. a4) 28... Bxc3 29. Nh4 Be4+ 30. f3 Rxf3 {Black mates.} 31. Nxf3 Rxf3 {[%cal Rf3f1]} 32. Qg2 {[#]} Rxg3 $1 {[%cal Rg4f2][%mdl 512] Weighted Error Value: White=1.08/Black=0.06} 0-1

[Event "Polgar Challenge 2021"]
[Site "Online"]
[Date "2021.04.04"]
[Round "13.5"]
[White "Gukesh D"]
[Black "Yip, Carissa"]
[Result "0-1"]
[WhiteElo "2578"]
[BlackElo "2430"]
[Annotator "ChessBase"]
[PlyCount "124"]
[EventDate "2021.04.08"]
[EventType "tourn"]
[EventCountry "NET"]
[SourceTitle "playchess.com"]
[Source "ChessBase"]
[SourceQuality "1"]
[TimeControl "600+5"]

1. e4 {[%emt 0:00:00]} e5 {[%emt 0:00:00]} 2. Nf3 {[%emt 0:00:00]} Nc6 {[%emt 0:00:00]} 3. Bb5 {[%emt 0:00:02]} a6 {[%emt 0:00:00]} 4. Ba4 {[%emt 0:00:01]} Nf6 {[%emt 0:00:01]} 5. O-O {[%emt 0:00:07]} Be7 {[%emt 0:00:02]} 6. d3 {[%emt 0:01:04]} b5 {[%emt 0:00:32]} 7. Bb3 {[%emt 0:00:02]} d6 {[%emt 0:00:01]} 8. c3 {[%emt 0:00:27]} O-O {[%emt 0:00:06]} 9. Nbd2 {[%emt 0:00:02]} Na5 {[%emt 0:00:07]} 10. Bc2 {[%emt 0:00:01]} c5 {[%emt 0:00:01]} 11. Re1 {[%emt 0:00:02]} Re8 {[%emt 0:00:08]} 12. Nf1 {[%emt 0:00:03]} Bf8 {[%emt 0:00:02]} 13. Ng3 {[%emt 0:00:03]} g6 {[%emt 0:00:01]} 14. h3 {[%emt 0:00:12]} Bg7 {[%emt 0:00:02]} 15. Bg5 {[%emt 0:00:02]} h6 {[%emt 0:00:13]} 16. Be3 {[%emt 0:00:02]} Bb7 {[%emt 0:00:14]} 17. Qd2 {[%emt 0:00:36]} Kh7 {[%emt 0:00:02]} 18. b4 {[%emt 0:00:03]} cxb4 {[%emt 0:00:12]} 19. cxb4 {[%emt 0:00:02]} Nc6 {[%emt 0:00:00]} 20. Bb3 {[%emt 0:00:19]} d5 {[%emt 0:01:26]} 21. Bc5 {[%emt 0:01:19]} Qd7 {[%emt 0:00:23]} 22. exd5 {[%emt 0:03:03]} Nxd5 {[%emt 0:00:03]} 23. Ne4 {[%emt 0:00:01]} Nf4 {[%emt 0:03:01]} 24. d4 {[%emt 0:00:05]} Rad8 {[%emt 0:01:14]} 25. d5 {[%emt 0:02:02]} Ne7 {[%emt 0:01:59]} 26. Bb6 {[%emt 0:01:17]} Rc8 {[%emt 0:01:00]} 27. Nc5 {[%emt 0:00:08]} Rxc5 {[%emt 0:00:07]} 28. Bxc5 {[%emt 0:00:05]} Nexd5 {[%emt 0:00:02]} 29. Rad1 {[%emt 0:00:38]} Qf5 {[%emt 0:00:46]} 30. Bxd5 {[%emt 0:00:10]} Bxd5 {[%emt 0:00:02]} 31. Re3 {[%emt 0:00:01]} Nxh3+ {[%emt 0:00:15]} 32. Kf1 {[%emt 0:00:14]} Bc4+ {[%emt 0:00:04]} 33. Ke1 {[%emt 0:00:13]} Nf4 {[%emt 0:00:01]} 34. Nh4 {[%emt 0:00:11]} Qg4 {[%emt 0:00:06]} 35. Qd7 {[%emt 0:00:06]} Qxh4 {[%emt 0:00:34]} 36. g3 {[%emt 0:00:01]} Ng2+ {[%emt 0:00:03]} 37. Kd2 {[%emt 0:00:00]} Qd8 {[%emt 0:00:03]} 38. Rd3 {[%emt 0:00:15]} Bxd3 {[%emt 0:00:04]} 39. Qxd3 {[%emt 0:00:02]} Qxd3+ {[%emt 0:00:10]} 40. Kxd3 {[%emt 0:00:01]} Rd8+ {[%emt 0:00:05]} 41. Ke2 {[%emt 0:00:00]} Rxd1 {[%emt 0:00:00]} 42. Kxd1 {[%emt 0:00:02]} h5 {[%emt 0:00:03]} 43. Ke2 {[%emt 0:00:00]} h4 {[%emt 0:00:02]} 44. Kf1 {[%emt 0:00:04]} h3 {[%emt 0:00:02]} 45. f3 {[%emt 0:00:09]} f5 {[%emt 0:00:04]} 46. Kg1 {[%emt 0:00:04]} f4 {[%emt 0:00:02]} 47. Kh2 {[%emt 0:00:01]} fxg3+ {[%emt 0:00:02]} 48. Kxh3 {[%emt 0:00:01]} Nf4+ {[%emt 0:00:03]} 49. Kxg3 {[%emt 0:00:00]} g5 {[%emt 0:00:02]} 50. Kg4 {[%emt 0:00:03]} Kg6 {[%emt 0:00:01]} 51. Be7 {[%emt 0:00:01]} Bf6 {[%emt 0:00:01]} 52. Bc5 {[%emt 0:00:01]} Nd3 {[%emt 0:00:05]} 53. Bd6 {[%emt 0:00:03]} Nc1 {[%emt 0:00:03]} 54. a3 {[%emt 0:00:01]} Ne2 {[%emt 0:00:03]} 55. Bc5 {[%emt 0:00:02]} Nd4 {[%emt 0:00:02]} 56. Kg3 {[%emt 0:00:05]} Nc2 {[%emt 0:00:01]} 57. Kg4 {[%emt 0:00:02]} Nxa3 {[%emt 0:00:01]} 58. Bd6 {[%emt 0:00:00]} Nc2 {[%emt 0:00:02]} 59. Bc5 {[%emt 0:00:00]} Bg7 {[%emt 0:00:05]} 60. Bd6 {[%emt 0:00:02]} Ne3+ {[%emt 0:00:01]} 61. Kh3 {[%emt 0:00:01]} Kf5 {[%emt 0:00:03]} 62. Bc5 {[%emt 0:00:03]} Nd5 {[%emt 0:00:02]} 0-1

[Event "Polgar Challenge 2021"]
[Site "Online"]
[Date "2021.04.04"]
[Round "13.6"]
[White "Keymer, Vincent"]
[Black "Lei, Tingjie"]
[Result "1-0"]
[WhiteElo "2591"]
[BlackElo "2505"]
[Annotator "ChessBase"]
[PlyCount "107"]
[EventDate "2021.04.08"]
[EventType "tourn"]
[EventCountry "NET"]
[SourceTitle "playchess.com"]
[Source "ChessBase"]
[SourceQuality "1"]
[TimeControl "600+5"]

1. Nf3 {[%emt 0:00:00]} d5 {[%emt 0:00:00]} 2. e3 {[%emt 0:00:00]} Nf6 {[%emt 0:00:01]} 3. c4 {[%emt 0:00:00]} e6 {[%emt 0:00:04]} 4. Nc3 {[%emt 0:00:01]} Be7 {[%emt 0:00:09]} 5. b3 {[%emt 0:00:02]} O-O {[%emt 0:00:06]} 6. Bb2 {[%emt 0:00:01]} dxc4 {[%emt 0:00:03]} 7. Bxc4 {[%emt 0:00:05]} a6 {[%emt 0:00:02]} 8. a4 {[%emt 0:00:02]} c5 {[%emt 0:00:31]} 9. O-O {[%emt 0:01:46]} Nc6 {[%emt 0:00:25]} 10. Ne2 {[%emt 0:00:08]} Bd7 {[%emt 0:00:50]} 11. Qb1 {[%emt 0:00:47]} h6 {[%emt 0:02:49]} 12. Rd1 {[%emt 0:01:17]} Na5 {[%emt 0:00:42]} 13. Ng3 {[%emt 0:00:22]} b5 {[%emt 0:00:14]} 14. axb5 {[%emt 0:00:02]} axb5 {[%emt 0:00:07]} 15. Be2 {[%emt 0:00:05]} Bc6 {[%emt 0:01:27]} 16. e4 {[%emt 0:00:22]} Qb6 {[%emt 0:00:29]} 17. Qc2 {[%emt 0:00:24]} Rfc8 {[%emt 0:00:13]} 18. Rab1 {[%emt 0:00:37]} Be8 {[%emt 0:00:11]} 19. Bxf6 {[%emt 0:00:20]} Bxf6 {[%emt 0:00:04]} 20. e5 {[%emt 0:00:01]} Be7 {[%emt 0:00:41]} 21. Qe4 {[%emt 0:00:54]} Nc6 {[%emt 0:00:17]} 22. Bd3 {[%emt 0:00:10]} g6 {[%emt 0:00:09]} 23. Qf4 {[%emt 0:00:41]} Kg7 {[%emt 0:00:26]} 24. h4 {[%emt 0:00:10]} Nb4 {[%emt 0:00:08]} 25. Be4 {[%emt 0:00:18]} Nd5 {[%emt 0:00:30]} 26. Bxd5 {[%emt 0:01:24]} exd5 {[%emt 0:00:02]} 27. d4 {[%emt 0:00:11]} c4 {[%emt 0:00:22]} 28. bxc4 {[%emt 0:00:01]} Rxc4 {[%emt 0:00:03]} 29. Nf1 {[%emt 0:00:09]} Qe6 {[%emt 0:00:25]} 30. Ne3 {[%emt 0:00:02]} h5 {[%emt 0:00:37]} 31. Nxc4 {[%emt 0:00:21]} bxc4 {[%emt 0:00:01]} 32. Ng5 {[%emt 0:00:03]} Qc6 {[%emt 0:00:08]} 33. Ra1 {[%emt 0:00:23]} Rxa1 {[%emt 0:00:14]} 34. Rxa1 {[%emt 0:00:00]} Qb7 {[%emt 0:00:03]} 35. Qc1 {[%emt 0:00:14]} Qb6 {[%emt 0:00:05]} 36. Qf4 {[%emt 0:00:16]} Qb7 {[%emt 0:00:10]} 37. Qf3 {[%emt 0:00:08]} Bf8 {[%emt 0:00:11]} 38. Qf6+ {[%emt 0:00:18]} Kg8 {[%emt 0:00:01]} 39. e6 {[%emt 0:00:00]} Bg7 {[%emt 0:00:01]} 40. exf7+ {[%emt 0:00:16]} Bxf7 {[%emt 0:00:01]} 41. Ra8+ {[%emt 0:00:09]} Qxa8 {[%emt 0:00:04]} 42. Qxf7+ {[%emt 0:00:01]} Kh8 {[%emt 0:00:01]} 43. Qxg6 {[%emt 0:00:01]} Kg8 {[%emt 0:00:14]} 44. Qf7+ {[%emt 0:00:02]} Kh8 {[%emt 0:00:02]} 45. Qxh5+ {[%emt 0:00:01]} Kg8 {[%emt 0:00:01]} 46. Qh7+ {[%emt 0:00:09]} Kf8 {[%emt 0:00:01]} 47. Ne6+ {[%emt 0:00:02]} Kf7 {[%emt 0:00:07]} 48. Nxg7 {[%emt 0:00:01]} Qa1+ {[%emt 0:00:07]} 49. Kh2 {[%emt 0:00:01]} c3 {[%emt 0:00:02]} 50. Nf5+ {[%emt 0:00:05]} Ke6 {[%emt 0:00:06]} 51. Qg6+ {[%emt 0:00:03]} Kd7 {[%emt 0:00:02]} 52. Qd6+ {[%emt 0:00:04]} Kc8 {[%emt 0:00:01]} 53. Qc6+ {[%emt 0:00:10]} Kb8 {[%emt 0:00:05]} 54. Ne3 {[%emt 0:00:06]} 1-0

[Event "Polgar Challenge 2021"]
[Site "Online"]
[Date "2021.04.04"]
[Round "13.7"]
[White "Mendonca, Leon Luke"]
[Black "Badelka, Olga"]
[Result "1-0"]
[WhiteElo "2549"]
[BlackElo "2433"]
[Annotator "ChessBase"]
[PlyCount "63"]
[EventDate "2021.04.08"]
[EventType "tourn"]
[EventCountry "NET"]
[SourceTitle "playchess.com"]
[Source "ChessBase"]
[SourceQuality "1"]
[TimeControl "600+5"]

1. d4 {[%emt 0:00:00]} Nf6 {[%emt 0:00:00]} 2. c4 {[%emt 0:00:00]} e6 {[%emt 0:00:00]} 3. Nf3 {[%emt 0:00:03]} d5 {[%emt 0:00:00]} 4. Nc3 {[%emt 0:00:03]} dxc4 {[%emt 0:00:02]} 5. e4 {[%emt 0:00:04]} b5 {[%emt 0:00:02]} 6. e5 {[%emt 0:00:04]} Nd5 {[%emt 0:00:01]} 7. Nxb5 {[%emt 0:00:02]} Nb6 {[%emt 0:00:01]} 8. Be2 {[%emt 0:00:14]} Be7 {[%emt 0:00:01]} 9. O-O {[%emt 0:00:04]} Nc6 {[%emt 0:00:03]} 10. Be3 {[%emt 0:00:14]} O-O {[%emt 0:00:18]} 11. b3 {[%emt 0:01:08]} a6 {[%emt 0:01:16]} 12. Nc3 {[%emt 0:00:18]} cxb3 {[%emt 0:00:02]} 13. axb3 {[%emt 0:00:01]} Bb7 {[%emt 0:00:17]} 14. Qb1 {[%emt 0:00:28]} Nb4 {[%emt 0:00:09]} 15. Rc1 {[%emt 0:00:30]} N6d5 {[%emt 0:00:44]} 16. Ne4 {[%emt 0:00:27]} Nxe3 {[%emt 0:01:08]} 17. fxe3 {[%emt 0:00:03]} Nd5 {[%emt 0:00:33]} 18. Kf2 {[%emt 0:01:36]} f5 {[%emt 0:00:19]} 19. exf6 {[%emt 0:00:34]} Nxf6 {[%emt 0:00:17]} 20. Nxf6+ {[%emt 0:01:32]} Bxf6 {[%emt 0:00:02]} 21. Ra5 {[%emt 0:01:06]} Rb8 {[%emt 0:02:13]} 22. Bd3 {[%emt 0:00:34]} g6 {[%emt 0:00:43]} 23. Be4 {[%emt 0:00:18]} Qd6 {[%emt 0:00:46]} 24. Rac5 {[%emt 0:00:48]} Bxd4 {[%emt 0:00:43]} 25. Rc6 {[%emt 0:01:18]} Bxc6 {[%emt 0:00:02]} 26. Rxc6 {[%emt 0:00:01]} Bxe3+ {[%emt 0:01:32]} 27. Kxe3 {[%emt 0:00:00]} Qf4+ {[%emt 0:00:01]} 28. Kf2 {[%emt 0:00:03]} Rbd8 {[%emt 0:00:19]} 29. Kg1 {[%emt 0:00:38]} Qe3+ {[%emt 0:00:06]} 30. Kh1 {[%emt 0:00:01]} Qxe4 {[%emt 0:00:17]} 31. Qxe4 {[%emt 0:00:10]} Rd1+ {[%emt 0:00:10]} 32. Ng1 {[%emt 0:00:01]} 1-0

[Event "Polgar Challenge 2021"]
[Site "Online"]
[Date "2021.04.04"]
[Round "13.8"]
[White "Abdumalik, Zhansaya"]
[Black "Nihal Sarin"]
[Result "1/2-1/2"]
[WhiteElo "2472"]
[BlackElo "2620"]
[Annotator "TA"]
[PlyCount "96"]
[EventDate "2021.04.08"]
[EventType "tourn"]
[EventCountry "NET"]
[SourceTitle "playchess.com"]
[Source "ChessBase"]
[SourceQuality "1"]

{[%evp 12,96,29,0,0,-8,11,-20,-9,-55,-50,-89,-54,-95,-21,-25,-26,-23,-25,-164,-150,-132,12,-83,-41,-51,-39,-49,-25,-36,-35,-32,-2,-7,-3,-5,-3,-11,0,0,0,0,0,0,0,0,0,0,10,0,0,0,0,-2,-6,-10,-10,-12,-13,-25,-8,-131,-209,-191,-8,-8,-8,-8,-8,-8,-3,-3,-2,-3,0,0,0,0,0,0,16,16,16,16,16,0,29]} 1. e4 c6 2. d4 d5 3. Nd2 dxe4 4. Nxe4 Nf6 5. Ng3 h5 6. h4 Bg4 7. Be2 Nbd7 {B15: Caro-Kann: 3 Nc3: 3...g6 and 3...dxe4 4 Nxe4 Nf6 5 Nxf6+ exf6.} 8. Nf3 Qc7 9. Qd3 e6 10. Bd2 Bd6 {[#]} 11. Nf1 $146 ({Predecessor:} 11. Ng5 Bxe2 12. Nxe2 c5 13. g3 c4 14. Qf3 Nb6 15. Bf4 Nbd5 16. Bxd6 Qxd6 17. c3 {1-0 (45) Silva,K (1884)-Teshima,R (1970) Sao Paulo 2018}) 11... e5 12. Nxe5 Bxe5 (12... Nxe5 $17 13. dxe5 Bxe5 14. Bxg4 Nxg4) 13. Bxg4 $1 $11 Nxg4 14. dxe5 O-O-O 15. Qa3 (15. Ne3 $1 $11) 15... Qxe5+ $19 16. Ne3 a6 (16... Nc5 $17 17. Rf1 Nxe3 18. Bxe3 Ne4) 17. Qc3 (17. O-O-O $1 $11 {remains equal.}) 17... Qxc3 18. Bxc3 Nxe3 19. fxe3 Rhe8 20. Bxg7 Rxe3+ 21. Kf2 Re6 (21... Re4 {looks sharper.} 22. g3 Rg8 23. Bh6 Nc5 24. Bf4 Ne6) 22. Rad1 Rg8 23. Bd4 Reg6 24. Rhg1 Rg4 25. g3 f5 26. Be3 Nf6 27. Bf4 Nd5 28. Bg5 Re8 29. Rge1 Rge4 (29... Rf8 {is more complex.} 30. Bh6 Rfg8 31. Bg5 Rb4 32. b3 Nc3) 30. a3 Kd7 31. Rxe4 Rxe4 $11 {[%mdl 4096] Endgame KRB-KRN} 32. Rd3 Ke6 33. b3 b5 34. Rd2 a5 35. Re2 a4 {Black wants to play ...Rxe2+.} 36. Kf3 (36. Rxe4+ $11 {keeps the balance.} fxe4 37. Bc1) 36... b4 (36... Rxe2 $17 37. Kxe2 b4) 37. Bc1 $19 Nc3 {[#]} (37... bxa3 $19 38. Bxa3 Rxe2 39. Kxe2 Nc3+ 40. Kf3 Nb5) 38. Rxe4+ $11 {The position is equal.} fxe4+ {KB-KN} 39. Ke3 bxa3 40. Bxa3 {Black should prevent bxa4.} axb3 (40... Nb5 {keeps more tension.} 41. Bc1 axb3 42. cxb3 Ke5 43. Bb2+ Kf5) 41. cxb3 Kf5 42. Bd6 Nd5+ 43. Kd4 e3 {[#] ...e2 is the strong threat.} 44. Kd3 Kg4 {And now ...Kf3 would win.} 45. Ke2 Kf5 {aiming for ...Ke4.} 46. Kf3 e2 47. Kxe2 Ke4 $1 48. Kd2 Nf6 {Weighted Error Value: White=0.20/Black=0.23} 1/2-1/2